000 00258nam a22001217a 4500
003 SGT
082 _a370.115,SER
100 _aSERANI,ASHOK
245 _aGENDER SCHOOL SOCIETY
260 _bSHIKSHA PRAKASHAN
_c2016
300 _a200
942 _2ddc
_cGF BOOKS
999 _c34584
_d34584